BSOP header

Nothing but atoms & molecules probing the limits of science / (Record no. 8977)

MARC details
000 -LEADER
fixed length control field 00610nam a2200181 4500
008 - FIXED-LENGTH DATA ELEMENTS--GENERAL INFORMATION
fixed length control field 020625s1993 us 1 eng
020 ## - INTERNATIONAL STANDARD BOOK NUMBER
International Standard Book Number 1854242369
090 ## - LOCALLY ASSIGNED LC-TYPE CALL NUMBER (OCLC); LOCAL CALL NUMBER (OCLC)
Classification number (OCLC) (R) ; Classification number, CALL (RLIN) (NR) BL240.2
Local cutter number (OCLC) ; Book number/undivided call number, CALL (RLIN) H71
100 1# - MAIN ENTRY--PERSONAL NAME
Personal name Holder, Rodney D.
245 10 - TITLE STATEMENT
Title Nothing but atoms & molecules probing the limits of science /
Statement of responsibility, etc Rodney D. Holder.
260 ## - PUBLICATION, DISTRIBUTION, ETC. (IMPRINT)
Place of publication, distribution, etc Crowborough :
Name of publisher, distributor, etc Monarch,
Date of publication, distribution, etc c1993.
300 ## - PHYSICAL DESCRIPTION
Extent 251 p.
504 ## - BIBLIOGRAPHY, ETC. NOTE
Bibliography, etc Includes appendix and index.
650 #4 - SUBJECT ADDED ENTRY--TOPICAL TERM
Topical term or geographic name as entry element Reductionism
General subdivision Religious aspects
-- Christianity.
650 #4 - SUBJECT ADDED ENTRY--TOPICAL TERM
Topical term or geographic name as entry element Science and religion.
951 ## - EQUIVALENCE OR CROSS-REFERENCE-GEOGRAPHIC NAME/AREA NAME [OBSOLETE] [CAN/MARC only]
General subdivision 00013103
951 ## - EQUIVALENCE OR CROSS-REFERENCE-GEOGRAPHIC NAME/AREA NAME [OBSOLETE] [CAN/MARC only]
-- 15410
-- BL240.2/H71
-- 070613111128000
-- 2000-12-21
-- GC
Holdings
Withdrawn status Lost status Damaged status Not for loan Home library Current library Shelving location Date acquired Accession number Shelving control number Total Checkouts Full call number Barcode Date last seen Price effective from Koha item type
        BSOP Library BSOP Library GC 12/21/2000 15410 127   BL240.2/H71 00013103 02/23/2013 02/23/2013 Books
BSOP

Biblical Seminary of the Philippines
  All rights Reserved
  © 2024

CONTACT INFORMATION

Biblical Seminary of the Philippines,
  77-B Karuhatan Road, Valenzuela City,
  PHILIPPINES 1441
  Phone: +632 8292-6795 / 8292-6798
  Fax : +632 8292-6675
  Email: library@bsop.edu.ph